000 01010cam a2200265 a 4500
001 13381864
005 20260422173104.0
008 031023s2004 enk b 001 0 eng
020 _a1403913447
_qhardback
020 _a1403913455
_qpbk.
020 _a9781403913449
_q(hardback)
020 _a9781403913456
_q(pbk.)
050 0 0 _aP120.S48
_bS86 2004
082 0 0 _a306.44
_222
100 1 _aSunderland, Jane,
_d1952-
245 1 0 _aGendered discourses /
_cJane Sunderland.
260 _aHoundmills, Basingstoke, Hampshire ;
_aNew York :
_bPalgrave Macmillan,
_c2004.
300 _ax, 248 p. ;
_c22 cm.
650 0 _aLanguage and languages
_xSex differences.
650 0 _aDiscourse analysis.
856 4 2 _3Contributor biographical information
_uhttp://www.loc.gov/catdir/bios/hol056/2003066802.html
856 4 2 _3Publisher description
_uhttp://www.loc.gov/catdir/description/hol053/2003066802.html
856 4 1 _3Table of contents
_uhttp://www.loc.gov/catdir/toc/hol051/2003066802.html
942 _2lcc
_cBK
_n0
999 _c9546
_d9546